Tri thức dân gian trong việc khai thác nguồn tài nguyên, thiên nhiên của người Pu Nả ở Lai Châu

Nội dung sách giới thiệu đặc điểm tự nhiên ảnh hưởng đến vấn đề khai thác tự nhiên và thiên nhiên của người Pu Nả. Tri thức dân gian trong việc khai thác nguồn lợi tự nhiên, tri thức dân gian trong hoạt động khai thác, hoạt động hái lượm...

Descripció completa

Guardat en:
Dades bibliogràfiques
Autor principal: Lò, Văn Chiến
Format: Llibre
Idioma:Undetermined
Publicat: Hà Nội Mỹ thuật 2016
Matèries:
Etiquetes: Afegir etiqueta
Sense etiquetes, Sigues el primer a etiquetar aquest registre!
Thư viện lưu trữ: Trung tâm Học liệu Trường Đại học Cần Thơ
LEADER 01078nam a2200205Ia 4500
001 CTU_225689
008 210402s9999 xx 000 0 und d
082 |a 398.09597 
082 |b Ch305 
100 |a Lò, Văn Chiến 
245 0 |a Tri thức dân gian trong việc khai thác nguồn tài nguyên, thiên nhiên của người Pu Nả ở Lai Châu 
245 0 |c Lò Văn Chiến 
260 |a Hà Nội 
260 |b Mỹ thuật 
260 |c 2016 
520 |a Nội dung sách giới thiệu đặc điểm tự nhiên ảnh hưởng đến vấn đề khai thác tự nhiên và thiên nhiên của người Pu Nả. Tri thức dân gian trong việc khai thác nguồn lợi tự nhiên, tri thức dân gian trong hoạt động khai thác, hoạt động hái lượm... của người người Pu Nả. 
650 |a Văn hóa dân gian,Folklore 
650 |z Việt Nam,Vietnam 
910 |b dqhieu 
980 |a Trung tâm Học liệu Trường Đại học Cần Thơ